000 00530nam a2200205Ia 4500
008 240729s9999 xx 000 0 und d
022 _a2673-8929
245 0 _aMicroplastics
260 _aSwitzerland
260 _bMDPI AG
650 _a Biochemistry
650 _a Biology (General) | Science
650 _a Chemistry
650 _a Microbiology | Science
650 _a Organic chemistry
650 _aScience
856 _uhttps://doaj.org/toc/1bc95100fd4f48ce95630de1ed55f967
942 _2ddc
942 _cDOAJEJ
999 _c72954
_d72954
945 _a1
_bMadushi Gamage
_c1
_dMadushi Gamage